Strukturnaja chimija silikatov : Perevod s angl /

Gespeichert in:
Bibliographische Detailangaben
1. Verfasser: Liebau, Friedrich (Verfasst von)
Format: Buch
Veröffentlicht: Moskva : Mir, 1988
Tags: Tag hinzufügen
Keine Tags, Fügen Sie das erste Tag hinzu!

MARC

LEADER 00000nam a22000003a 4500
001 stu14313
005 20150617225759.8
008 ------s1988----xxr---------------------d
040 |a STU  |b slo 
041 0
044 |a xxr 
080 |a 548.736.6  |7 stu_us_auth*stu5781 
100 1 |a Liebau, Friedrich  |4 aut 
245 1 |a Strukturnaja chimija silikatov :  |b Perevod s angl /  |c [aut.]Liebau,Friedrich 
260 |a Moskva :  |b Mir,  |c 1988 
300 |a 410 s :  |b Obr.,ta.,grafy,lit.,index 
996 |b C83223  |c C*83223  |l CCV  |s P  |a 0  |w stu14313_0001 
996 |b C83896  |c C*83896  |l CCVIIIB  |s P  |a 0  |w stu14313_0002 
996 |b C83473  |c C*83473  |l CCXXIII  |s P  |a 0  |w stu14313_0003 
996 |b C83520  |c C*83520  |l CCIII  |s P  |a 0  |w stu14313_0004 
996 |b C84017  |c C*84017  |l CCIII  |s P  |a 0  |w stu14313_0005